00637nam a2200205 i 4500001000700000003000900007005001700016007000300033008004100036100002100077245012800098260003200226300003200258490002600290600002100316700002100337700002600358830002600384852002100410149300ES-MaACL20230906203031.0t|071019s1961 sp ||||1| spa d1 aPire, Dominique.10aConversaciones y recuerdos del R.P. Dominique Pire / cHughes Vehenne ; traducción del francés por Amando Lázaro Ros. aMadrid : bAguilar, c1961. a244 p., 5 lám. ; c20 cm.1 aColección literaria14aPire, Dominique.1 aVehenne, Hughes.1 aLázaro Ros, Amando.1 aColección literaria aES-MaACLjF-8698